000 00552nam a2200205Ia 4500
003 OSt
005 20230602111732.0
008 210423s2007 xx 000 0 und d
040 _cAL
041 _aeng
082 _a150
_223
_bFERI
100 _aFERNALD (L Dodge);FERNALD (Peter S)
_9118767
245 _aIntroduction to psychology
260 _aDelhi
_bAITBS Publishers and Distributors
_c2007
365 _b410
_cINR
650 _aPhilosophy
_9118768
650 _aPsychology
_9118769
906 _aIntroduction ; psychology
942 _2ddc
_cBK
999 _c174757
_d174757